000 00593nam a2200133Ia 4500
008 171212s9999 xx 000 0 und d
020 _a9781921862731
245 _ceditor Wanna, John;Vincent, Sam;Podger, Andrew
_aWith the Benefit of Hindsight
_bValedictory Reflections from Departmental Secretaries, 2004-11
260 _bANU E Press
_c2012
440 _aAustralia and New Zealand School of Government (ANZSOG)
650 _aBusiness
650 _aCivil service -- Australia -- Anecdotes; Australia -- Officials and employees -- Anecdotes
856 _uwww.jstor.org/stable/10.2307/j.ctt24h8s1
999 _c351423
_d351423